| 000 | 01455nam0a22003011 4500 | ||
|---|---|---|---|
| 001 | rc\724946 | ||
| 005 | 20260405075134.0 | ||
| 035 | _a(NLR Aleph) 005968173 | ||
| 090 |
_a6914410 _c6914410 |
||
| 100 | _a20031121d1998 |||y0rusy50 ca | ||
| 101 | 0 | _arus | |
| 102 | _aRU | ||
| 105 | _aa ||||||||| | ||
| 200 | 1 |
_aФИЛЬМ "Иван Грозный" _eДок., ст., исслед. _f[Сост. Л.К. Козлов _gРед. В.В. Забродин, Л.К. Козлов] |
|
| 210 |
_aМ. _cГос. ком. РФ по кинематографии и др. _d1998 |
||
| 215 |
_a366 с. _cил. _d20 |
||
| 225 | 1 |
_aКиноведческие записки _eИст.-теорет. журн. _v№ 38: Спец. номер |
|
| 300 | _aОписано по обл. На тит. л. только загл. сер. | ||
| 300 | _aРез. на англ. яз. | ||
| 320 | _aБиблиогр. в конце ст. и подстроч. примеч. | ||
| 320 | _a"Иван Грозный" С.М. Эйзенштейна: Материалы и библиогр.: Публ. на рус. яз. / Сост.: Н.А. Дымшиц, А.С. Трошин: с. 338-360 | ||
| 702 | 1 |
_4220 _8rus _7ca _aКозлов _bЛ.К. _f1933-2006 _cкиновед _gЛеонид Константинович _3RU\NLR\AUTH\7726759 _99798 |
|
| 702 | 1 |
_aЗабродин _bВ.В. _4340 |
|
| 801 | 0 |
_aRU _bNLR _gpsbo |
|
| 801 | 1 |
_aRU _bELAR _2rusmarc |
|
| 852 |
_aNLR _jП31/457 |
||
| 942 | _cBOOK | ||
| 980 | _aNB | ||